The habitual prisoner : (Record no. 758)

MARC details
000 -LEADER
fixed length control field 01160cam a2200313 a 4500
001 - CONTROL NUMBER
control field 2079292
003 - CONTROL NUMBER IDENTIFIER
control field OSt
005 - DATE AND TIME OF LATEST TRANSACTION
control field 20110722090048.0
008 - FIXED-LENGTH DATA ELEMENTS--GENERAL INFORMATION
fixed length control field 860304s1963 enk b 000 0 eng
010 ## - LIBRARY OF CONGRESS CONTROL NUMBER
LC control number 63004581 /L
015 ## - NATIONAL BIBLIOGRAPHY NUMBER
National bibliography number GB63-7507
035 ## - SYSTEM CONTROL NUMBER
System control number (OCoLC)ocm13835156
040 ## - CATALOGING SOURCE
Original cataloging agency DLC
Transcribing agency BNG
Modifying agency OCL
-- CSU
-- NRC
-- UKM
-- ZCU
050 0# - LIBRARY OF CONGRESS CALL NUMBER
Classification number HV6049
Item number .C28
082 ## - DEWEY DECIMAL CLASSIFICATION NUMBER
Classification number 364.32 WES
099 ## - LOCAL FREE-TEXT CALL NUMBER (OCLC)
Classification number 339.5
-- W524
100 1# - MAIN ENTRY--PERSONAL NAME
Personal name West, D. J.
Fuller form of name (Donald James),
Dates associated with a name 1924-
9 (RLIN) 2068
245 14 - TITLE STATEMENT
Title The habitual prisoner :
Remainder of title an enquiry by the Cambridge Institute of Criminology /
Statement of responsibility, etc carried out by D.J. West.
260 ## - PUBLICATION, DISTRIBUTION, ETC. (IMPRINT)
Place of publication, distribution, etc London :
Name of publisher, distributor, etc Macmillan ;
Place of publication, distribution, etc New York :
Name of publisher, distributor, etc St. Martin's Press,
Date of publication, distribution, etc 1963.
300 ## - PHYSICAL DESCRIPTION
Extent x, 125 p. ;
Dimensions 23 cm.
490 1# - SERIES STATEMENT
Series statement Cambridge studies in criminology ;
Volume number/sequential designation v. 19
504 ## - BIBLIOGRAPHY, ETC. NOTE
Bibliography, etc Includes bibliographical references.
650 #0 - SUBJECT ADDED ENTRY--TOPICAL TERM
Topical term or geographic name as entry element Recidivists.
9 (RLIN) 2069
710 2# - ADDED ENTRY--CORPORATE NAME
Corporate name or jurisdiction name as entry element University of Cambridge.
Subordinate unit Institute of Criminology.
9 (RLIN) 2070
830 #0 - SERIES ADDED ENTRY--UNIFORM TITLE
Uniform title Cambridge studies in criminology ;
Volume number/sequential designation 19.
9 (RLIN) 2071
942 ## - ADDED ENTRY ELEMENTS (KOHA)
Source of classification or shelving scheme Dewey Decimal Classification
Koha item type Books
Holdings
Withdrawn status Lost status Source of classification or shelving scheme Damaged status Not for loan Home library Current library Shelving location Date acquired Total Checkouts Full call number Barcode Date last seen Price effective from Koha item type
    Dewey Decimal Classification     Law Development Centre Main Library Law Development Centre Main Library Text Books and Laws 04/28/2011   364.32 WES 2011/2510 04/28/2011 04/28/2011 Books